| 000 | 00000nam 2200000za 4500 |
| 001 | 9.580938 |
| 003 | CaOODSP |
| 005 | 20250904135831 |
| 007 | cr ||||||||||| |
| 008 | 150406e20140930onc o f000 0 eng d |
| 040 | |aCaOODSP|beng |
| 043 | |an-cn--- |
| 086 | 1 |aRv55-5/11-11-3-2014E-PDF |
| 110 | 2 |aCanada Border Services Agency. |
| 245 | 10|aAdvance rulings for tariff classification |h[electronic resource] |
| 250 | |a[September 30, 2014 edition]. |
| 260 | |aOttawa - Ontario : |bCanada Border Services Agency |
| 300 | |a11p. |
| 490 | 1 |aCustoms D memoranda. D11, General tariff information |vD11-11-3, September 30, 2014 |
| 500 | |a"Superseded Memorandum D D11-11-3 dated April 23, 2010" |
| 590 | |a14-41|b2014-10-10 |
| 775 | 08|tDécisions anticipées en matière de classement tarifaire |w(CaOODSP)9.607844 |
| 794 | |tAdvance rulings for tariff classification.|b[August 9, 2019 edition]|w(CaOODSP)9.879247 |
| 830 | #0|aCustoms D memoranda. D11, General tariff information ;|vD11-11-3, September 30, 2014|w(CaOODSP)9.816825 |
| 856 | 40|qPDF|s134 KB|uhttps://publications.gc.ca/collections/collection_2014/asfc-cbsa/Rv55-5-11-11-3-2014-eng.pdf |